| 000 | 00407nam a2200145Ia 4500 | ||
|---|---|---|---|
| 008 | 210719s1997 xx 000 0 und d | ||
| 041 | _aeng | ||
| 082 | _a301K RICS | ||
| 100 | _aRICHARD PAIS mattu itararu, Samp. | ||
| 245 | _aSamaja Shastra: prathama Pi Yu Si ya kaipidi. | ||
| 260 |
_aMangaluru _bMangaluru Samajashastra Sangha _c1997 |
||
| 300 |
_ax,121 _bPB |
||
| 365 |
_b35 _cRs |
||
| 650 | _aSociology | ||
| 999 |
_c213868 _d213868 |
||